000 00414nam a2200169Ia 4500
999 _c30477
_d30477
003 OSt
005 20250524171301.0
008 250310s9999||||xx |||||||||||||| ||und||
040 _c.
082 _a823.912
_bH6157
100 _94842
_aHeyer, Georgette
245 0 _aArabella /
_cGeorgette Heyer
260 _aLondon :
_bHeinemann,
_c1949.
300 _a315 p.
690 _92474
_aEnglish fiction
942 _cBK
_2ddc